Diesterwegs populäre Himmelskunde und mathematische Geographie (Record no. 6735)

MARC details
000 -CABECERA
campo de control de longitud fija 00680nam a2200217 a 4500
001 - NÚMERO DE CONTROL
campo de control BRCA_7054
005 - FECHA Y HORA DE LA ÚLTIMA TRANSACCIÓN
campo de control 20190320205708.0
008 - DATOS DE LONGITUD FIJA--INFORMACIÓN GENERAL
campo de control de longitud fija 021211s1909----gw-a######---#000-0#ger-#
041 ## - CÓDIGO DE LENGUA
Código de lengua del texto/banda sonora o título independiente ger
044 ## - CÓDIGO DEL PAÍS DE LA ENTIDAD EDITORA/PRODUCTORA
Código MARC del país gw
050 #4 - SIGNATURA TOPOGRÁFICA DE LA BIBLIOTECA DEL CONGRESO
Número de clasificación QB44
Número de documento/Ítem .D53 1909
245 10 - MENCIÓN DE TÍTULO
Título Diesterwegs populäre Himmelskunde und mathematische Geographie
Mención de responsabilidad, etc. A. Diesterweg; bearbeitet vom M. Wilhelm Meyer unter Mitwirkung von B. Schwalbe.
260 ## - PUBLICACIÓN, DISTRIBUCIÓN, ETC.
Lugar de publicación, distribución, etc. Hamburg
Nombre del editor, distribuidor, etc. H. Grand
Fecha de publicación, distribución, etc. 1909
300 ## - DESCRIPCIÓN FÍSICA
Extensión 458 p.
Otras características físicas il.
Dimensiones 23 cm.
500 ## - NOTA GENERAL
Nota general L197
650 14 - PUNTO DE ACCESO ADICIONAL DE MATERIA--TÉRMINO DE MATERIA
Término de materia o nombre geográfico como elemento de entrada Astronomía
9 (RLIN) 7908
700 1# - PUNTO DE ACCESO ADICIONAL--NOMBRE DE PERSONA
Nombre de persona Meyer, Max Wilhelm
Fecha de publicación/de la obra 1853-1910
Término indicativo de función/relación ed.
9 (RLIN) 17531
700 1# - PUNTO DE ACCESO ADICIONAL--NOMBRE DE PERSONA
Nombre de persona Schwalbe, Bernhard
Fecha de publicación/de la obra 1841-1901
Término indicativo de función/relación ed.
9 (RLIN) 17532
902 ## - CATALOGADOR
Iniciales GFM
942 ## - ELEMENTOS DE PUNTO DE ACCESO ADICIONAL (KOHA)
Fuente del sistema de clasificación o colocación Library of Congress Classification
Tipo de ítem Koha Libros
Holdings
Estado de retiro Estado de pérdida Estado dañado No para préstamo Localización permanente Ubicación/localización actual Fecha de adquisición Número de inventario Total de préstamos Signatura topográfica completa Código de barras Fecha visto por última vez Precio válido a partir de Tipo de ítem Koha
El ejemplar forma parte de la colección y puede ser consultado según las políticas vigentes.       Biblioteca del Museo Franz Mayer (Rogerio Casas-Alatriste) Biblioteca del Museo Franz Mayer (Rogerio Casas-Alatriste) 02/12/2011 L197   QB44 .D53 1909 (L197) 7501 22/03/2019 22/03/2019 Libros